| 000 | 00582nam a2200181Ia 4500 | ||
|---|---|---|---|
| 003 | GCL | ||
| 008 | 140319s9999 xx 000 0 ara d | ||
| 040 |
_aGCL / _cGCL |
||
| 082 | 0 | 4 |
_a810.9 _bم ق |
| 100 | 1 | _aمحمد عبدالحليم عبدالله | |
| 245 | 1 | 0 |
_aقضايا ومعارك ادبية / _cمحمد عبدالحليم عبدالله |
| 260 |
_a[S.N] : _bدار الشعب للطباعة والنشر |
||
| 490 |
_aمطبوعات الشعب _v0 |
||
| 650 | 0 | 4 | _aالادب العربى |
| 650 | 0 | 4 | _aالنقد |
| 650 | 0 | 4 | _aتاريخ ونقد |
| 942 |
_2ddc _cBK |
||
| 999 |
_c53599 _d53599 |
||